TEACHING APPROACHES (Record no. 207882)

MARC details
000 -LEADER
fixed length control field 00384nam a22001457a 4500
008 - FIXED-LENGTH DATA ELEMENTS--GENERAL INFORMATION
fixed length control field 231023b |||||||| |||| 00| 0 eng d
050 ## - LIBRARY OF CONGRESS CALL NUMBER
Classification number THE LB 875 .M 33 2015 C.1
Item number C.1
100 ## - MAIN ENTRY--PERSONAL NAME
Personal name MACHOGU, ONYANCHA
245 ## - TITLE STATEMENT
Title TEACHING APPROACHES
260 ## - PUBLICATION, DISTRIBUTION, ETC.
Date of publication, distribution, etc. 2015
300 ## - PHYSICAL DESCRIPTION
Extent XVII,116P.
500 ## - GENERAL NOTE
General note INCLUDES BIBLIOGRAPHIC AND INDEX
650 ## - SUBJECT ADDED ENTRY
Topical term or geographic name entry element TEACHING APPROACHES
942 ## - ADDED ENTRY ELEMENTS (KOHA)
Source of classification or shelving scheme Library of Congress Classification
Koha item type Long Loan Book
Holdings
Withdrawn status Lost status Source of classification or shelving scheme Damaged status Not for loan Collection Home library Current library Date acquired Inventory number Total checkouts Full call number Barcode Date last seen Copy number Price effective from Koha item type
    Library of Congress Classification     Professional Courses Kisii University Library Kisii University Library 10/23/2023 83643   THE LB 875.M33 2015 C.1 000000000456 10/23/2023 C.1 10/23/2023 Long Loan Book